| 000 | 00926 a2200241 4500 | ||
|---|---|---|---|
| 001 | 53356 | ||
| 005 | 20260407155808.0 | ||
| 008 | 260407a2003 arg spa d | ||
| 003 | AR-UNSa-BCEJYS | ||
| 040 |
_aAR-UNSa-BCEJYS _bspa _cAR-UNSa-BCEJYS |
||
| 080 |
_a94:33 _xHistoria económica |
||
| 245 | 1 | 0 |
_aTensando el ancla _pLa caja de conversión argentina y la búsqueda de la estabilidad macroeconómica, 1880-1935 |
| 020 | _a950-557-565-3 | ||
| 264 | 1 |
_aBuenos Aires : _bFondo de Cultura Económica _c2003 |
|
| 300 |
_a320 p. _c23 cm. |
||
| 505 | _a1. El contexto histórico y metodológico - 2. La crisis de Baring y sus orígenes - 3. Los cimientos de la Belle époque - 4. Las dificultades del período de entreguerras - 5. Epílogo | ||
| 041 | _aspa | ||
| 942 | _cBK | ||
| 590 | _aniveau_biblio:m niveau_hierar:0 | ||
| 100 | 1 | _aDella Paolera, Gerardo | |
| 700 | 1 | _aTaylor, Alan M. | |
| 700 | 1 | _aBozzoli, Guillermo | |
| 999 |
_c5211 _d5211 |
||